320 giải đáp thắc mắc bức xúc về y học (Theo yêu cầu bạn đọc)

সংরক্ষণ করুন:
গ্রন্থ-পঞ্জীর বিবরন
প্রধান লেখক: Lê Trọng Bổng
বিন্যাস: গ্রন্থ
ভাষা:Undetermined
প্রকাশিত: Hà Nội Thanh Niên 1999
বিষয়গুলি:
ট্যাগগুলো: ট্যাগ যুক্ত করুন
কোনো ট্যাগ নেই, প্রথমজন হিসাবে ট্যাগ করুন!
Thư viện lưu trữ: Trung tâm Học liệu Trường Đại học Cần Thơ
LEADER 00605nam a2200193Ia 4500
001 CTU_37240
008 210402s9999 xx 000 0 und d
020 |b 24.000đ 
082 |a 616 
082 |b B455/1999 
100 |a Lê Trọng Bổng 
245 0 |a 320 giải đáp thắc mắc bức xúc về y học (Theo yêu cầu bạn đọc) 
245 0 |c Lê Trọng Bổng 
260 |a Hà Nội 
260 |b Thanh Niên 
260 |c 1999 
650 |a diseases,medical sciences,pathology 
904 |i Minh, 000701 
980 |a Trung tâm Học liệu Trường Đại học Cần Thơ